000
00331nam a22001457a 4500
008
230614b ||||| |||| 00| 0 eng d
020
_a
9781558605008
041
_a
eng
080
_2
THIRD EDITION
_a
72
082
_a
72TEO
100
_a
19
101
_a
ARK
245
_a
DATABASE MODELING DESIGN
_c
TEOREY .J.T
942
_2
udc
_c
BK
999
_c
59974
_d
59974